000 00803nam a2200277Ia 4500
001 3183
005 20240113233617.0
007 ta
008 050407s1996 a g b000 u eng u
020 _cHB
040 _aCotton College Assam
041 _aeng
082 _a576
_bPe 362 Mi
100 _aPelczar, M.J..
245 0 _aMicrobiology /
_cM.J. Pelczar, E C S Chan & Noel R. Krieg.
_hTextual Documents
250 _a5th ed. /
260 _aNew Delhi :
_bTata Mcgraw-Hill Pub ,
_c1996.
300 _a918p. :
_bill ;
_c24 cm. .
500 _aReplaced against 352/bot fundamental of Microbiology and immunology. by banerjee & Banerjee
504 _aGlossary Index .
653 _aMicrobiology
942 _2ddc
_cBK
999 _c3171
_d3171